Power System Transients : A Statistical Approach (Record no. 2097)

MARC details
000 -LEADER
fixed length control field 00444nam a2200169Ia 4500
008 - FIXED-LENGTH DATA ELEMENTS--GENERAL INFORMATION
fixed length control field 221030s9999 xx 000 0 und d
020 ## - INTERNATIONAL STANDARD BOOK NUMBER
ISBN 8120310055
041 ## - LANGUAGE CODE
Language code of text/sound track or separate title
082 ## - DEWEY DECIMAL CLASSIFICATION NUMBER
Classification number 105.23
Item number Ind
100 ## - MAIN ENTRY--AUTHOR NAME
Personal name C. S. Indulkar
245 #0 - TITLE STATEMENT
Title Power System Transients : A Statistical Approach
Statement of responsibility, etc by C. S. Indulkar, D. P. Kothari
260 ## - PUBLICATION, DISTRIBUTION, ETC. (IMPRINT)
Name of publisher PHI Pub
Place of publication New Delhi
Year of publication 2003
300 ## - PHYSICAL DESCRIPTION
Number of Pages 176
650 ## - SUBJECT ADDED ENTRY--TOPICAL TERM
Topical Term EE
700 ## - ADDED ENTRY--PERSONAL NAME
Personal name D. P. Kothari
942 ## - ADDED ENTRY ELEMENTS (KOHA)
Koha item type Books
Holdings
Accession Number Cost, normal purchase price Full call number Price effective from Koha item type Withdrawn / writtenoff status Materials specified (bound volume or other part) Damaged status Not for loan Permanent Location Current Location Shelving location Date acquired Lost/ Missing status department
BE 7620 150.00 105.23 Ind 10/30/2022 Books   Print   Not For Loan MIET Library, Jammu MIET Library, Jammu BL-Second, FL-1, CUP-57, SH-2, R-2 11/16/2005   BE
BE 7621 150.00 105.23 Ind 10/30/2022 Books   Print     MIET Library, Jammu MIET Library, Jammu BL-Academic Block A, FL-1, CUP-34, SH-3, R-3 02/17/2005   BE
BE 8486 150.00 105.23 Ind 10/30/2022 Books   Print   Not For Loan MIET Library, Jammu MIET Library, Jammu BL-Second, FL-1, CUP-57, SH-2, R-2 11/10/2006   BE
BE 8487 150.00 105.23 Ind 10/30/2022 Books   Print     MIET Library, Jammu MIET Library, Jammu BL-Academic Block A, FL-1, CUP-34, SH-2, R-2 11/10/2006   BE
BE 8488 150.00 105.23 Ind 10/30/2022 Books   Print     MIET Library, Jammu MIET Library, Jammu BL-Academic Block A, FL-2, CUP-34, SH-3, R-3 11/10/2006   BE
BE 8489 150.00 105.23 Ind 10/30/2022 Books   Print     MIET Library, Jammu MIET Library, Jammu BL-Academic Block A, FL-1, CUP-34, SH-3, R-3 11/10/2006   BE
BE 8490 150.00 105.23 Ind 10/30/2022 Books   Print     MIET Library, Jammu MIET Library, Jammu BL-Academic Block A, FL-1, CUP-34, SH-3, R-3 11/10/2006   BE
BE 7622 150.00 105.23 Ind 10/30/2022 Books   Print     MIET Library, Jammu MIET Library, Jammu BL-Academic Block A, FL-1, CUP-34, SH-3, R-3 02/17/2005   BE